000 00304nam a22001457a 4500
008 210303b ||||| |||| 00| 0 eng d
020 _a9780073515526
041 _aeng
080 _a579
082 _a579
100 _a11
101 _aMIK
245 _aMicrobiology
_cGovindan, B
942 _2udc
_cBK
999 _c55654
_d55654